Kỹ thuật bón phân cho cây cà phê

Sách cung cấp thông tin và biện pháp kỹ thuật bón phân cho cây cà phê. Sách cũng giới thiệu một số chủng loại phân bón chuyên dùng cho cây cà phê của nhà máy phân bón Bình Điền II.

Spremljeno u:
Bibliografski detalji
Glavni autor: Vũ Cao Thái
Format: Knjiga
Jezik:Undetermined
Izdano: Tp.HCM Nông Nghiệp 2000
Teme:
Oznake: Dodaj oznaku
Bez oznaka, Budi prvi tko označuje ovaj zapis!
Thư viện lưu trữ: Trung tâm Học liệu Trường Đại học Cần Thơ
LEADER 00856nam a2200181Ia 4500
001 CTU_37512
008 210402s9999 xx 000 0 und d
082 |a 633.73 
082 |b Th103 
100 |a Vũ Cao Thái 
245 0 |a Kỹ thuật bón phân cho cây cà phê 
245 0 |c Vũ Cao Thái, Lê Văn Nghĩa, Nguyễn Xuân Trường 
260 |a Tp.HCM 
260 |b Nông Nghiệp 
260 |c 2000 
520 |a Sách cung cấp thông tin và biện pháp kỹ thuật bón phân cho cây cà phê. Sách cũng giới thiệu một số chủng loại phân bón chuyên dùng cho cây cà phê của nhà máy phân bón Bình Điền II. 
650 |a coffee - diseases and pests,coffee - planting - vietnam,field crops 
980 |a Trung tâm Học liệu Trường Đại học Cần Thơ